Päťdesiatštyri rokov Všeobecnej deklarácie ľudských práv

Nadčasový dokument Valného zhromaždenia OSN, Všeobecná deklarácia ľudských práv - nemá právnu záväznosť, je spoločným cieľom všetkých národov a štátov. Stručný obsah jednotlivých kapitol Všeobecnej deklarácie ľudských práv.

Gespeichert in:
Bibliographische Detailangaben
1. Verfasser: Roháč, Ján
Format: Buchkapitel
Sprache:Slowakisch
Schlagworte:
Tags: Tag hinzufügen
Keine Tags, Fügen Sie das erste Tag hinzu!

MARC

LEADER 00000naa a2200000 4500
001 r047258
005 20230925130432.6
041 0 |a slo 
044 |a SK 
245 1 0 |a Päťdesiatštyri rokov Všeobecnej deklarácie ľudských práv  |c Ján Roháč 
520 |a Nadčasový dokument Valného zhromaždenia OSN, Všeobecná deklarácia ľudských práv - nemá právnu záväznosť, je spoločným cieľom všetkých národov a štátov. Stručný obsah jednotlivých kapitol Všeobecnej deklarácie ľudských práv. 
610 2 0 |a deklarácia 
610 2 0 |a práva ľudské 
610 2 0 |a národ 
610 2 0 |a štát 
610 2 0 |a svet 
610 2 0 |a OSN 
100 1 |a Roháč, Ján